000 00560nac a22002291ca4500
001 a987663333
008 170707s1998 gw |||| 000u rus d
041 _arus
245 0 0 _aTeorija perechodnoj ekonomiki :
_bUčebnoe posobie
264 _aMoskva :
_bTEIS,
_c1998
650 0 _aWirtschaft
650 0 _aTransformation
650 0 _aPlanwirtschaft
650 0 _aPriatisierung
650 0 _aKorruption
700 1 _aKrasnikova, E. V.
_eHerausgeberIn
710 2 _aMGU
942 _cMG
040 _cRU-10907106
003 RU-10907106
999 _c43117
_d43117